000 01692nam a2200445 a 4500
003 BLK
005 20230719101741.0
008 180408b bul|||||r ||||||| ||bul||
010 _aKNG00097258000
040 _aBLK
041 _aDEU
_cDEU
080 _aОблекло. Носия. Мода. Накит. Вж и 613.4 ; 646 ; 687
_b391
_x(091)
_z391(091)
080 _aСбирки. Експониране. Подразделят се със знак за отношение
_b069.5
_x:391(430)
_z069.5:391(430)
080 _aХудожествени занаяти
_b745
_x:391
_z745:391
139 _aModisches aus alter Zeit
_bМ 79
_fM 78 a
_gМ 79 а
245 1 0 _aModisches aus alter Zeit
_bAccessoires aus vier Jahrhunderten : Fachsammlung Bayer. Nationalmuseum Munchen
_ctexte von Saskia Durian-Ress.
257 _aDEU
260 _bBayer. Versicherungskammer
_c1979
300 _a60 p.
_buberwiegend ill.
_c23 cm
380 _a3
500 _aBibliogr. p. 60.
504 _a60
650 4 _aМода - история
_9282097
650 4 _aМузейни сбирки
_9162843
650 4 _aПриложно и декоративно изкуство
_9248151
651 4 _aГермания
_9178754
653 _aмода
653 _aистория
653 _aмузейни сбирки
653 _aприложни изкуства
653 _aдекоративно изкуство
700 1 _aDurian-Ress, Saskia
_etexte von
_99160
852 _aЦб 249202
_bЦб
856 4 _qpdf
856 4 _qpdf
942 _cKNG
_n0
_s1
944 _aCR
_c11.10.2010
_lРусанова Ирена
_k30542
944 _aED
_c19.07.2023
999 _c92478
_d92478
999 _d92478